01018nas a2200229Ia 4500001001100000003000900011008004100020040001300061040001300074041001300087100004300100210004200143222004200185245009800227250001100325260004000336501008600376300001800462362005000480500021500530650004300745R144/C4459IT-RoPAU151124c99999999xx |||||||||||| ||und|| aIT-RoPAU cIT-RoPAU aFRANCESE aMusso PierregCodice Aut. SPICS: 17552 aQUADERNI-LA REVUE DE LA COMMUNICATION aQuaderni-La Revue De La Communication aQUADERNI, N.023 (1994) - SCIENCE(S) DE LA COMMUNICATIONbAutoroutes Et Fenetres Electroniques a1a ed. aCOLOMBES (FRANCIA)bAZ PRESSEc1994 bPaulus - SPICS - Società San Paolo EM (non-commercial uses only)cCopyright2015 a15 p. [13-27] aN.023 (1994) - SCIENCE(S) DE LA COMMUNICATION aAutostrade e Finestre Elettroniche. Futuro Tecnico della Televisione. Nuova Economia della Televisione: Pedaggio al Consumo. Riconfigurazione dell'Offerta. Legge dei Tre Stati della Televisione dell'Europa Sud. aCOMUNICAZIONEvPUBBLICAZIONE PERIODICA